Movies Quiz

Random Movies or Role Quiz

Bullseye Blitz: Movies! Quiz Stats

 Plays Quiz Updated Dec 19, 2019

Support Sporcle.
Go Orange.
Score 0/48 Timer 04:00
18 Plays Today
% Correct
Han Solo
95.1%
Luke Skywalker
93.4%
Up
93.3%
Saving Private Ryan
89.4%
Dumbo
88.7%
Forrest Gump
88.5%
Fantasia
87.7%
Obi-Wan Kenobi
84.7%
Pinocchio
81.8%
Snow White
80.3%
Wall-E
79.7%
Anakin Skywalker
79.5%
The Dark Knight
78.5%
Dead Man's Chest
78.1%
The Return of the King
73.6%
Zack Snyder
71.4%
Philadelphia
71.3%
Ratatouille
71.3%
Titanic
71.1%
Christopher Nolan
70.7%
Cars
66.5%
Die Another Day
65.8%
Dead Man's Chest
65%
Connie
60.5%
% Correct
Michael
60.4%
The World Is Not Enough
58.8%
Joel Schumacher
58.7%
Inglourious Basterds
58.2%
Wood, Elijah
58%
Tomorrow Never Dies
57.1%
The Hateful Eight
53.2%
GoldenEye
52.8%
Big
51.5%
At World's End
51%
Tim Burton
50.5%
Winston
49.7%
Ray
49.2%
Peter
46.8%
Django Unchained
46.1%
Fredo
45.5%
Monaghan, Dominic
42.8%
Boyd, Billy
42.1%
Astin, Sean
41.3%
On Stranger Tides
41%
Sonny
39.7%
Egon
37.5%
Dead Men Tell No Tales
26.6%
Death Proof
17%

You're not logged in!

Compare scores with friends on all Sporcle quizzes.
OR
Log In

From the Vault

US Expansion Picture Click

by 31415926535

This quiz takes the term 'manifest destiny' to a whole new level.
Remove Ads.
Support Sporcle.
Get the best of Sporcle when you Go Orange. This ad-free experience offers more features, more stats, and more fun while also helping to support Sporcle. Thank you for becoming a member.

Show Comments

Extras

Top Quizzes Today


Score Distribution

Your Account Isn't Verified!

In order to create a playlist on Sporcle, you need to verify the email address you used during registration. Go to your Sporcle Settings to finish the process.

Report this User

Report this user for behavior that violates our Community Guidelines.

Details: